000 00367nam a2200133Ia 4500
005 20260326100037.0
008 260326s9999||||xx |||||||||||||| ||und||
100 _aHamlin, Talbot
245 0 _aForms and Functions of 20th Century Architecture /
_cTalbot Hamlin
260 _bColumbia University Press
300 _a946 p.
650 _aARQUITECTURA CIVIL
942 _cBK
999 _c6871
_d6871